1408 1290 1211 1758 1715 1882 1175 1500 1081 1747 1543 1042 1666 1694 1221 1516 1565 1725 1434 1163 1653 1146 1353 1515 1211 1034 1077 1539 1832 1127 1464 1683 1449 1804 1889 1031 1011 1370 1824 1800 1146 1789 1911 1967 1560 1796 1738 1052 1886 1069 1823 1316 1279 1198 1571 1137 1831 1941 1254 1484 1001 1839 1759 1927 1747 1418 1098 1402 1420 1480 1598 1707 1545 1170 1555 1614 1935 1296 1343 1337 1219 1659 1490 1695 1662 1900 1793 1688 1255 1136 1513 1366 1202 1141 1886 1635 1234 1423 1354 BCNSPRNW ULIB Ver.6.0+V

เปลี่ยนเป็นภาษาไทย

Change to English
 แสดงรายละเอียดบรรณานุกรม
  กลับหน้าหลัก

Brief Record : Get Marc (ISO 2709) : E-mail record : QR code < ปิดหน้าต่าง
LEADER : 00000nam 2200000uu 4500
001    13399126311
003     ULIB
008    180905s2560||||th 000 0 tha d
020    ^a9786164430068
060  4 ^aWP140^bต367
245 0  ^aตำรานรีเวชวิทยา ฉบับเรียบเรียงครั้งที่ 4 /^cบรรณาธิการ,กิตติรัตน์ เตชะไตรศักดิ์...[และคนอื่นๆ].
250    ^aพิมพ์ครั้งที่ 1, ฉบับเรียบเรียงครั้งที่ 4.
260    ^aกรุงเทพฯ : ^bภาควิชาสูติศาสตร์-นรีเวชวิทยา คณะแพทยศาสตร์ศิริราชพยาบาล มหาวิทยาลัยมหิดล, ^c2560.
300    ^a636 หน้า : ^bภาพประกอบ ; ^c30 ซม.
500    ^aดัชนี.
650  2 ^aGenital Diseases, Female.
650  2 ^aGynecology.
650  0 ^aนรีเวชวิทยา
700 0  ^aประสงค์ ตันมหาสมุทร, ^eบรรณาธิการ.
700 0  ^aมงคล เบญจาภิบาล, ^eบรรณาธิการ.
700 0  ^aอรรถพล ใจชื่น, ^eบรรณาธิการ.
700 0  ^aธันยารัตน์ วงศ์วนานุรักษ์, ^eบรรณาธิการ.
710 2  ^aมหาวิทยาลัยมหิดล. ^bคณะแพทยศาสตร์ศิริราชพยาบาล. ^bภาควิชาสูติศาสตร์-นรีเวชวิทยา.
945    ^p800^l0^i005058
945    ^p800^l0^i005059
945    ^p800^l0^i005060
945    ^p800^l0^i005061
945    ^p800^l0^i004513
945    ^p800^l0^i004514
945    ^p800^l0^i004515
945    ^p800^l0^i005055
945    ^p800^l0^i005056
945    ^p800^l0^i005057
945    ^p800^l0^i004690
945    ^p800^l0^i004691
999    ^aประนอม เกษจรัล
รายการนี้ยังไม่มีแท็ก
คุณยังไม่ได้ล็อกอิน คุณสามารถมีกิจกรรมร่วมกับเว็บไซต์ได้ แต่ต้องล็อกอินก่อน ::
  ล็อกอิน

รายการสื่อสารสนเทศ

ลำดับที่ ประเภท เลขเรียก/บาร์โค้ด สถานที่ สถานะ
1. วิทยาศาสตร์การแพทย์ และสุขภาพ
หนังสือสำรอง
สถานะ=หนังสือสำรอง
WP140 ต367 ฉ.1 
  Barcode: 004513
ห้องสมุดวิทยาเขตสวรรค์ประชารักษ์
►หนังสือทั่วไป
บนชั้น
2. วิทยาศาสตร์การแพทย์ และสุขภาพ
วิทยาศาสตร์การแพทย์ และสุขภาพ
WP140 ต367 ฉ.10 
  Barcode: 005059
ห้องสมุดวิทยาเขตสวรรค์ประชารักษ์
►หนังสือทั่วไป
ถูกยืม กำหนดส่งวันที่ 26 มกราคม 2569
  จอง
3. วิทยาศาสตร์การแพทย์ และสุขภาพ
วิทยาศาสตร์การแพทย์ และสุขภาพ
WP140 ต367 ฉ.11 
  Barcode: 005060
ห้องสมุดวิทยาเขตสวรรค์ประชารักษ์
►หนังสือทั่วไป
บนชั้น
4. วิทยาศาสตร์การแพทย์ และสุขภาพ
วิทยาศาสตร์การแพทย์ และสุขภาพ
WP140 ต367 ฉ.12 
  Barcode: 005061
ห้องสมุดวิทยาเขตสวรรค์ประชารักษ์
►หนังสือทั่วไป
บนชั้น
5. วิทยาศาสตร์การแพทย์ และสุขภาพ
วิทยาศาสตร์การแพทย์ และสุขภาพ
WP140 ต367 ฉ.2 
  Barcode: 004514
ห้องสมุดวิทยาเขตสวรรค์ประชารักษ์
►หนังสือทั่วไป
บนชั้น
6. วิทยาศาสตร์การแพทย์ และสุขภาพ
วิทยาศาสตร์การแพทย์ และสุขภาพ
WP140 ต367 ฉ.3 
  Barcode: 004515
ห้องสมุดวิทยาเขตสวรรค์ประชารักษ์
►หนังสือทั่วไป
บนชั้น
7. วิทยาศาสตร์การแพทย์ และสุขภาพ
วิทยาศาสตร์การแพทย์ และสุขภาพ
WP140 ต367 ฉ.4 
  Barcode: 004690
ห้องสมุดวิทยาเขตสวรรค์ประชารักษ์
►หนังสือทั่วไป
บนชั้น
8. วิทยาศาสตร์การแพทย์ และสุขภาพ
วิทยาศาสตร์การแพทย์ และสุขภาพ
WP140 ต367 ฉ.5 
  Barcode: 004691
ห้องสมุดวิทยาเขตสวรรค์ประชารักษ์
►หนังสือทั่วไป
บนชั้น
9. วิทยาศาสตร์การแพทย์ และสุขภาพ
วิทยาศาสตร์การแพทย์ และสุขภาพ
WP140 ต367 ฉ.6 
  Barcode: 005055
ห้องสมุดวิทยาเขตสวรรค์ประชารักษ์
►หนังสือทั่วไป
บนชั้น
10. วิทยาศาสตร์การแพทย์ และสุขภาพ
วิทยาศาสตร์การแพทย์ และสุขภาพ
WP140 ต367 ฉ.7 
  Barcode: 005056
ห้องสมุดวิทยาเขตสวรรค์ประชารักษ์
►หนังสือทั่วไป
บนชั้น
11. วิทยาศาสตร์การแพทย์ และสุขภาพ
วิทยาศาสตร์การแพทย์ และสุขภาพ
WP140 ต367 ฉ.8 
  Barcode: 005057
ห้องสมุดวิทยาเขตสวรรค์ประชารักษ์
►หนังสือทั่วไป
บนชั้น
12. วิทยาศาสตร์การแพทย์ และสุขภาพ
วิทยาศาสตร์การแพทย์ และสุขภาพ
WP140 ต367 ฉ.9 
  Barcode: 005058
ห้องสมุดวิทยาเขตสวรรค์ประชารักษ์
►หนังสือทั่วไป
บนชั้น

รายการใกล้เคียง
    หัวเรื่อง [Genital Diseases, Female.]
    หัวเรื่อง [Gynecology.]
    หัวเรื่อง [นรีเวชวิทยา]

BibComment


ยังไม่เคยถูกคอมเมนท์

คอมเมนท์ทรัพยากรรายการนี้
  คอมเมนท์: ตำรานรีเวชวิทยา ..


 Copyright 2026. Bcnsprnw @Library